000 00618nam a22001937a 4500
005 20150126095810.0
008 150126b xxu||||| |||| 00| 0 eng d
020 _a9789814371568
050 _aRM 172
_b.B642 2014
100 _aBlaney, Kathy D.
245 _aBasic and applied concepts of blood banking and transfusion practices /
_cKathy D. Blaney and Paula R. Howard.
250 _a3rd ed.
260 _aSingapore :
_bElsevier,
_cc2014.
300 _a387 pages :
_bcolored illustrations ;
_c25 cm.
650 _aBlood banks.
650 _aBlood
_xTransfusion.
650 _aImmunohematology.
942 _2lcc
_cBK
999 _c277386
_d277386